| 000 | 00406cam a2200169ua 4500 | ||
|---|---|---|---|
| 020 | _c3.00 | ||
| 041 |
_amal _h |
||
| 082 |
_a954.792 _bBHA/MA |
||
| 100 | _aBhaskar, T S. | ||
| 245 |
_aMaharashtra pratapam / _cT S Bhaskar. _hTextual Documents |
||
| 260 |
_aThrissur : _bV Sundara Iyer & Sons , _c1947. |
||
| 300 | _a375 ; . | ||
| 365 | _a3.00 | ||
| 504 | _a | ||
| 942 | _cBK | ||
| 999 |
_c5988 _d5988 |
||